000 02265cam a22005054a 4500
001 14093557
003 BJBSDDR
005 20240613113419.0
007 ta
008 050831s2006 enka b 001 0 eng
010 _a 2005044583
020 _a082136314X
020 _a9780821363140
040 _aDLC
_cDLC
_dDLC
_beng
041 _aeng
042 _apcc
043 _ad------
050 1 4 _aHF 1385
_bP879 2006
082 0 0 _a339.4/6091724
245 0 0 _aPoverty and the WTO :
_bimpacts of the Doha Development Agenda /
_cedited by Thomas W. Hertel and L. Alan Winters.
260 _aHoundmills, Basingstoke, Hampshire :
_bPalgrave Macmillan ;
_aWashington, DC :
_bWorld Bank,
_cc2006.
300 _axxi, 537 pages :
_billustrations ;
_c23 cm.
440 0 _aTrade and development series
_936548
504 _aIncludes bibliographical references and index.
610 2 0 _aWorld Trade Organization
_zDeveloping countries.
610 2 4 _aOrganización Mundial del Comercio
_zPaíses en desarrollo
_913080
611 2 0 _aDoha Development Agenda
_d(2001- )
611 2 4 _aAgenda de Doha para el Desarrollo
_d2001-
_936549
650 0 _aInternational trade.
650 4 _aComercio internacional
_91230
650 0 _aPoverty
_zDeveloping countries.
650 4 _aPobreza
_zPaíses en desarrollo
_9267
651 0 _aDeveloping countries
_xEconomic conditions.
651 4 _aPaíses en desarrollo
_xCondiciones económicas
_93186
651 0 _aDeveloping countries
_xEconomic policy.
651 4 _aPaíses en desarrollo
_xPolítica económica
_93693
700 1 _aHertel, Thomas W.
_q(Thomas Warren),
_d1953-
_936550
_eeditor
700 1 _aWinters, L. Alan
_q(Leonard Alan),
_d1950-
_936551
_eeditor
856 4 2 _3Contributor biographical information
_uhttps://www.loc.gov/catdir/enhancements/fy1609/2005044583-b.html
856 4 2 _3Publisher description
_uhttps://www.loc.gov/catdir/enhancements/fy1609/2005044583-d.html
856 4 1 _3Table of contents only
_uhttps://www.loc.gov/catdir/enhancements/fy1609/2005044583-t.html
906 _a7
_bcbc
_corignew
_d1
_eocip
_f20
_gy-gencatlg
942 _2lcc
_cBK
999 _c111190
_d111190